00260nam a2200097 45000820008000001000024000082450075000322600021001073000010001287000024001380 a4011 aOhiri, Adam Cholong10aLanguage policy and planning in the southern sudancAdam Cholong Ohiri aKhartoumcc.1990 a92 p.1 aOhiri, Adam Cholong